Korean Consonants and Vowels Pronunciation - Statistics

General Stats
  • This quiz has been taken 152 times
  • The average score is 21 of 24
Answer Stats
Korean Letter Pronunciation % Correct
D.
97%
s.
97%
b.
96%
m.
96%
n.
96%
Aa
95%
g.
95%
p.
95%
e
94%
h.
94%
k.
94%
l.
94%
O
94%
t.
93%
j.
91%
u
91%
ch.
86%
Ya
85%
Yu
85%
Yo
84%
eu
77%
eo
74%
yeo
74%
doesn’t have any sound when it comes first and sounds like (ng) when it is at the bottom of the word.
48%
No matching quizzes found
Score Distribution
Percent of People with Each Score
Percentile by Number Answered
Your Score History
You have not taken this quiz